[Event "Oberliga Sued W 0809"]
[Site "Germany"]
[Date "2008.11.30"]
[Round "3.4"]
[White "Nun, Jiri"]
[Black "Bruch, Jochen"]
[Result "1-0"]
[WhiteElo "2380"]
[BlackElo "2195"]
[PlyCount "69"]
[EventDate "2008.10.05"]
[EventType "team-tourn"]
[EventRounds "11"]
[EventCountry "GER"]
[SourceTitle "EXT 2012"]
[Source "ChessBase"]
[SourceDate "2011.11.24"]
[SourceVersion "1"]
[SourceVersionDate "2011.11.24"]
[SourceQuality "1"]
[WhiteTeam "Bann"]
[BlackTeam "Ludwigshafen"]
[WhiteTeamCountry "GER"]
[BlackTeamCountry "GER"]

1. e4 c5 2. Nf3 e6 3. d3 Nc6 4. g3 Nge7 5. c3 d5 6. Nbd2 b6 7. Bg2 Ba6 8. exd5 Nxd5 9. Nc4 Qc7 10. Qe2 Rd8 11. h4 Be7 12. Bg5 Bf6 13. 0-0 h6 14. Bxf6 Nxf6 15. Rad1 0-0 16. Nfe5 Nxe5 17. Nxe5 Bb7 18. Bxb7 Qxb7 19. f4 Rd5 20. a3 Nd7 21. Nf3 Rd8 22. c4 Rd6 23. b4 Re8 24. d4 Nf6 25. dxc5 Rxd1 26. Rxd1 bxc5 27. b5 a6 28. a4 axb5 29. axb5 Ra8 30. Ne5 Ra3 31. Qg2 Qc7 32. Rd3 Ra1+ 33. Kh2 Qa5 34. Rd2 h5 35. Rb2 1-0

[Event "Oberliga Sued W 0809"]
[Site "Germany"]
[Date "2008.10.05"]
[Round "1.4"]
[White "Bruch, Jochen"]
[Black "Moeldner, Juergen"]
[Result "1-0"]
[WhiteElo "2195"]
[BlackElo "2399"]
[PlyCount "71"]
[EventDate "2008.10.05"]
[EventType "team-tourn"]
[EventRounds "11"]
[EventCountry "GER"]
[SourceTitle "EXT 2012"]
[Source "ChessBase"]
[SourceDate "2011.11.24"]
[SourceVersion "1"]
[SourceVersionDate "2011.11.24"]
[SourceQuality "1"]
[WhiteTeam "Ludwigshafen"]
[BlackTeam "Landau"]
[WhiteTeamCountry "GER"]
[BlackTeamCountry "GER"]

1. Nf3 Nf6 2. g3 g6 3. Bg2 Bg7 4. 0-0 0-0 5. c4 d6 6. Nc3 e5 7. d3 Nc6 8. Rb1 a5 9. a3 d5 10. cxd5 Nxd5 11. Bd2 Nxc3 12. bxc3 Qd6 13. a4 b6 14. Qc2 Bb7 15. Ng5 Nd8 16. Ne4 Qd7 17. Nc5 bxc5 18. Bxb7 Nxb7 19. Rxb7 Rfe8 20. Be3 Qc6 21. Rb5 Bf8 22. Qb3 e4 23. Qc4 exd3 24. exd3 Re5 25. Rfb1 Rae8 26. Rb8 Qd7 27. R1b5 c6 28. R5b7 Qf5 29. Qf4 Qe6 30. Rxe8 Qxe8 31. Rxf7 Qxf7 32. Qxe5 Qb3 33. Bf4 Qd1+ 34. Kg2 Qg4 35. Qe8 Qf5 36. Qxc6 1-0

[Event "Oberliga Sued W 0708"]
[Site "Germany"]
[Date "2007.11.25"]
[Round "3.1"]
[White "Baerwinkel, Tobias"]
[Black "Bruch, Jochen"]
[Result "1-0"]
[WhiteElo "2319"]
[BlackElo "2236"]
[PlyCount "105"]
[EventDate "2007.10.21"]
[EventType "team-tourn"]
[EventRounds "9"]
[EventCountry "GER"]
[SourceTitle "EXT 2009"]
[Source "ChessBase"]
[SourceDate "2008.11.26"]
[SourceVersion "1"]
[SourceVersionDate "2008.11.26"]
[SourceQuality "1"]
[WhiteTeam "Mutterstadt"]
[BlackTeam "Ludwigshafen"]
[WhiteTeamCountry "GER"]
[BlackTeamCountry "GER"]

1. d4 Nf6 2. c4 g6 3. Nc3 Bg7 4. e4 d6 5. f4 0-0 6. Nf3 Nbd7 7. Be2 e5 8. fxe5 dxe5 9. d5 Qe7 10. Bg5 h6 11. Bh4 Qb4 12. Qd2 a6 13. 0-0 Qd6 14. Kh1 Nh5 15. a3 Nf4 16. b4 b6 17. Bf2 f5 18. Rac1 Qe7 19. Bd3 Nxd3 20. Qxd3 f4 21. c5 bxc5 22. bxc5 Nxc5 23. Qc4 Nb7 24. d6+ Qe6 25. Qxe6+ Bxe6 26. dxc7 Rac8 27. Bb6 Rf7 28. Rfd1 g5 29. h3 Rff8 30. a4 Kf7 31. a5 Bf6 32. Nd5 h5 33. Nb4 g4 34. Ng1 gxh3 35. gxh3 Rg8 36. Rd3 Be7 37. Nc6 Bd6 38. Nd8+ Nxd8 39. cxd8N+ Rgxd8 40. Rxc8 Rxc8 41. Rxd6 Ke7 42. Rd2 Rc4 43. Bd8+ Ke8 44. Nf3 Bxh3 45. Nxe5 Rc8 46. Bf6 f3 47. Kh2 Bf1 48. Rf2 Be2 49. Nxf3 Bxf3 50. Rxf3 Rc4 51. Re3 Kf7 52. Bc3 Ke6 53. Kg3 1-0

[Event "Oberliga Sued W 0607"]
[Site "Germany"]
[Date "2006.10.15"]
[Round "1.3"]
[White "Koch, Hans Juergen"]
[Black "Bruch, Jochen"]
[Result "0-1"]
[WhiteElo "2227"]
[BlackElo "2248"]
[PlyCount "85"]
[EventDate "2006.10.15"]
[EventType "team-tourn"]
[EventRounds "9"]
[EventCountry "GER"]
[SourceTitle "EXT 2009"]
[Source "ChessBase"]
[SourceDate "2008.11.26"]
[SourceVersion "1"]
[SourceVersionDate "2008.11.26"]
[SourceQuality "1"]
[WhiteTeam "Kaiserslautern Mehlingen"]
[BlackTeam "Ludwigshafen"]
[WhiteTeamCountry "GER"]
[BlackTeamCountry "GER"]

1. c4 Nf6 2. g3 c5 3. Bg2 e6 4. Nf3 Qc7 5. 0-0 Be7 6. b3 0-0 7. Nc3 a6 8. Bb2 d6 9. d4 cxd4 10. Nxd4 Nbd7 11. Qd2 Re8 12. Rfd1 Nf8 13. Nc2 Rd8 14. Rac1 Bd7 15. e4 Rac8 16. Ba3 Be8 17. Ne3 Qb8 18. Qe2 Ng6 19. f4 b5 20. cxb5 axb5 21. Bb4 d5 22. Bxe7 Nxe7 23. exd5 b4 24. Ne4 Nfxd5 25. Nc4 Bb5 26. Ng5 Nf6 27. Bh3 Qa7+ 28. Kh1 Bc6+ 29. Bg2 Bxg2+ 30. Kxg2 Ned5 31. Rc2 h6 32. Ne4 Nxe4 33. Qxe4 Nxf4+ 34. Qxf4 Rxd1 35. Rf2 Rd4 36. Qe3 Qb7+ 37. Kh3 Rcd8 38. Ne5 f6 39. Ng6 Qe4 40. Qxe4 Rxe4 41. Ne7+ Kf7 42. Nc6 Rd5 43. Rf4 0-1

[Event "Oberliga Sued W 0405"]
[Site "Germany"]
[Date "2005.01.30"]
[Round "6.2"]
[White "Bruch, Jochen"]
[Black "Kiefer, Daniel"]
[Result "0-1"]
[WhiteElo "2187"]
[BlackElo "2236"]
[PlyCount "66"]
[EventDate "2004.10.03"]
[EventType "team-tourn"]
[EventRounds "9"]
[EventCountry "GER"]
[SourceTitle "EXT 2009"]
[Source "ChessBase"]
[SourceDate "2008.11.26"]
[SourceVersion "1"]
[SourceVersionDate "2008.11.26"]
[SourceQuality "1"]
[WhiteTeam "Ludwigshafen"]
[BlackTeam "Mainz"]
[WhiteTeamCountry "GER"]
[BlackTeamCountry "GER"]

1. Nf3 Nf6 2. g3 g6 3. Bg2 Bg7 4. 0-0 0-0 5. c4 c5 6. Nc3 Nc6 7. d3 Rb8 8. Bf4 d6 9. Qd2 Re8 10. Bh6 Bh8 11. h3 Bd7 12. Nh4 a6 13. a4 Nd4 14. e3 Nb3 15. Qe2 Nxa1 16. Rxa1 Qa5 17. f4 e6 18. g4 b5 19. f5 exf5 20. gxf5 bxc4 21. dxc4 Qb6 22. Qd3 Bg7 23. Bxg7 Kxg7 24. Rb1 Bc6 25. fxg6 hxg6 26. e4 Qd8 27. e5 Nh5 28. Bxc6 Qxh4 29. Bxe8 Rxe8 30. Rf1 Rxe5 31. Ne2 Qg5+ 32. Kf2 Rf5+ 33. Ke1 Qh4+ 0-1

[Event "Oberliga Sued W 0405"]
[Site "Germany"]
[Date "2004.11.28"]
[Round "3.2"]
[White "Helbig, Mark"]
[Black "Bruch, Jochen"]
[Result "1-0"]
[WhiteElo "2349"]
[BlackElo "2187"]
[PlyCount "113"]
[EventDate "2004.10.03"]
[EventType "team-tourn"]
[EventRounds "9"]
[EventCountry "GER"]
[SourceTitle "EXT 2009"]
[Source "ChessBase"]
[SourceDate "2008.11.26"]
[SourceVersion "1"]
[SourceVersionDate "2008.11.26"]
[SourceQuality "1"]
[WhiteTeam "Mutterstadt"]
[BlackTeam "Ludwigshafen"]
[WhiteTeamCountry "GER"]
[BlackTeamCountry "GER"]

1. d4 Nf6 2. c4 c5 3. d5 e6 4. Nc3 exd5 5. cxd5 d6 6. e4 g6 7. Nf3 Bg7 8. Bf4 0-0 9. Nd2 Re8 10. Be2 a6 11. a4 Qe7 12. 0-0 Nbd7 13. h3 Ne5 14. Qc2 h6 15. Rae1 Rb8 16. Bh2 g5 17. f4 gxf4 18. Bxf4 b6 19. Qc1 Kh7 20. Kh1 Nfd7 21. Rf2 Ng6 22. Nc4 Nde5 23. Ref1 Rf8 24. Ne3 Nxf4 25. Rxf4 Ng6 26. Nf5 Bxf5 27. Rxf5 Ra8 28. Qe1 Ra7 29. Bh5 Rb7 30. Qe2 Ra7 31. Bxg6+ fxg6 32. Rxf8 Bxf8 33. e5 dxe5 34. Ne4 Bg7 35. Qc4 Rd7 36. d6 Qd8 37. Qe6 b5 38. Rf7 Rxf7 39. Qxf7 Qf8 40. Qxf8 Bxf8 41. axb5 axb5 42. d7 Be7 43. Nxc5 Kg7 44. d8Q Bxd8 45. Ne6+ Kf6 46. Nxd8 Ke7 47. Nb7 Ke6 48. Kg1 Kd5 49. Kf2 Kc4 50. Nd6+ Kc5 51. Nxb5 Kxb5 52. Ke3 Kc4 53. Ke4 Kb3 54. Kxe5 Kxb2 55. Kf6 Kc3 56. Kxg6 Kd4 57. Kxh6 1-0